000 01355cam a22003617a 4500
003 CHAP
005 20220817043503.0
008 981029d1993 mx a r 00110 spa d
010 _a76494
011 _a77466
035 _a87073
040 _cCHAP
090 _aFolleto 15250
100 0 0 _aCruz Pérez, Eurípides de la.
_929538
245 1 0 _aProducción de planta y establecimiento de plantaciones de Melina en el estado de Tabasco
_c/por Eurípides de la Cruz Pérez y José Trinidad Barrosa Cadenas
260 _aHuimanguillo, Tab. :
_bINIFAP. Campo Experimental Huimanguillo,
_c1993.
300 _a23 p. :
_bilus. ; cuadro
410 2 1 _aINIFAP. Campo Experimental Huimanguillo.
_bDivisión Forestal
490 0 _aFolleto técnico
_v; 18
590 _aBATCH-UPD
_b10
_c20130110
_lUCH01
_h1602
590 _aBATCH-UPD
_b10
_c20130410
_lUCH01
_h0959
590 _aBATCH-UPD
_b10
_c20130914
_lUCH01
_h1424
590 _aCONVERSION
_b10
_c20130109
_lUCH01
_h1342
650 1 4 _aÁrboles
_xTabasco.
_96651
650 1 4 _aGmelina arborea.
_948343
650 1 4 _aPropagación de árboles.
810 2 1 _aINIFAP. Campo Experimental Huimanguillo.
_bDivisión Forestal
_958662
830 0 _aFolleto técnico
_v; 18
_942067
901 _aBK
905 _aAlejandra Carrasco M.
942 _cFOLL
949 _aFolleto 15250
_bBC
_cFOLL
_d870731
_eTS1
_gI.c/e
_i87073
_sb
999 _c76494
_d76494